Vibration and sound / (Record no. 8988)
[ view plain ]
| 000 -LEADER | |
|---|---|
| fixed length control field | 00861cam a22002891 4500 |
| 001 - CONTROL NUMBER | |
| control field | 8988 |
| 003 - CONTROL NUMBER IDENTIFIER | |
| rucl marc code | BD-RjUL |
| 005 - DATE AND TIME OF LATEST TRANSACTION | |
| control field | 20211208234708.0 |
| 008 - FIXED-LENGTH DATA ELEMENTS--GENERAL INFORMATION | |
| fixed length control field | 140120s1948 nyua b 001 0 eng |
| 035 ## - SYSTEM CONTROL NUMBER | |
| System control number | (BD-RjUL)9033 |
| System control number | (OCoLC)536717 |
| 040 ## - CATALOGING SOURCE | |
| Original cataloging agency | DLC |
| Transcribing agency | ODaWU |
| Modifying agency | OCoLC |
| -- | FrPBIS |
| -- | DLC |
| -- | BD-RjUL |
| Language of cataloging | eng |
| 041 ## - LANGUAGE CODE | |
| Language code of text/sound track or separate title | eng |
| 082 ## - DEWEY DECIMAL CLASSIFICATION NUMBER | |
| Classification number | 534 |
| Author mark and year | MOV 1948 |
| 100 1# - MAIN ENTRY--PERSONAL NAME | |
| Personal name | Morse, Philip M. |
| Fuller form of name | (Philip McCord), |
| Dates associated with a name | 1903-1985. |
| 9 (RLIN) | 25853 |
| 245 10 - TITLE STATEMENT | |
| Title | Vibration and sound / |
| Statement of responsibility, etc. | Philip M. Morse |
| 250 ## - EDITION STATEMENT | |
| Edition statement | 2d ed. |
| 260 ## - PUBLICATION, DISTRIBUTION, ETC. (IMPRINT) | |
| Place of publication, distribution, etc. | New York : |
| Name of publisher, distributor, etc. | McGraw-Hill Book Co., |
| Date of publication, distribution, etc. | c1948. |
| 300 ## - PHYSICAL DESCRIPTION | |
| Pagination | xix, 468 p. |
| Illustrations | diagrs. |
| Size | 21 cm. |
| 504 ## - BIBLIOGRAPHY, ETC. NOTE | |
| Bibliography, etc | Bibliography: p. 433. and index. |
| 650 #0 - SUBJECT ADDED ENTRY--TOPICAL TERM | |
| Topical term or geographic name as entry element | Vibration. |
| 9 (RLIN) | 27910 |
| Topical term or geographic name as entry element | Sound. |
| 9 (RLIN) | 27911 |
| 942 ## - ADDED ENTRY ELEMENTS (KOHA) | |
| Source of classification or shelving scheme | Dewey Decimal Classification |
| Koha item type | Books |
| Lost status | Source of classification or shelving scheme | Damaged status | Not for loan | Collection code | Permanent Location | Current Location | Shelving location | Date acquired | Source of acquisition | Cost, normal purchase price | Total Checkouts | Full call number | Date last seen | Copy number | Koha item type |
|---|---|---|---|---|---|---|---|---|---|---|---|---|---|---|---|
| Dewey Decimal Classification | Non-fiction | Central Library, University of Rajshahi | Central Library, University of Rajshahi | 26/04/1968 | Zeitlinger | 44.00 | 534 MOV 1948 | 20/01/2014 | C-5 | Books | |||||
| Dewey Decimal Classification | Not For Loan | Non-fiction | Central Library, University of Rajshahi | Central Library, University of Rajshahi | Reading Room | 03/09/1957 | Pub. United Ltd. | 44.11 | 534 MOV 1948 | 29/03/2017 | C-1 | Books | |||
| Dewey Decimal Classification | Non-fiction | Central Library, University of Rajshahi | Central Library, University of Rajshahi | Reading Room | 26/04/1968 | Zeithinger | 44.00 | 534 MOV 1948 | 07/05/2017 | C-2 | Books | ||||
| Dewey Decimal Classification | Non-fiction | Central Library, University of Rajshahi | Central Library, University of Rajshahi | Reading Room | 26/04/1968 | Zeithinger | 44.00 | 534 MOV 1948 | 07/05/2017 | C-3 | Books | ||||
| Dewey Decimal Classification | Non-fiction | Central Library, University of Rajshahi | Central Library, University of Rajshahi | 27/03/1963 | Zeitlinger | 70.00 | 534 MOV 1948 | 13/05/2017 | C-4 | Books |